[Event "BRA-ch 88th"]
[Site "Recife"]
[Date "2022.12.23"]
[Round "11"]
[White "Bouwman, Marcelo Wanderley"]
[Black "Dianda, Joao Carlos"]
[Result "1/2-1/2"]
[WhiteElo "2122"]
[BlackElo "2007"]
[PlyCount "46"]
[EventDate "2022.12.15"]
[EventType "swiss"]
[EventRounds "11"]
[EventCountry "BRA"]
[SourceTitle "CBM 212 Extra"]
[Source "ChessBase"]
[SourceDate "2023.03.31"]
[SourceVersion "1"]
[SourceVersionDate "2023.03.31"]
[SourceQuality "1"]

1. e4 c5 2. Nf3 d6 3. d4 cxd4 4. Nxd4 Nf6 5. Nc3 a6 6. Bg5 Nbd7 7. Qe2 Qc7 8. 0-0-0 h6 9. Bh4 g6 10. f4 e5 11. Nf3 Bg7 12. f5 g5 13. Bf2 b5 14. a3 Bb7 15. Kb1 Bf8 16. Ne1 Nb6 17. Bxb6 Qxb6 18. h4 g4 19. Nd3 Rc8 20. Nd5 Bxd5 21. exd5 h5 22. g3 Kd7 23. Nb4 Rc5 1/2-1/2

[Event "BRA-ch 88th"]
[Site "Recife"]
[Date "2022.12.19"]
[Round "7"]
[White "Alves, Luiz Henrique De Ar"]
[Black "Dianda, Joao Carlos"]
[Result "0-1"]
[WhiteElo "1634"]
[BlackElo "2007"]
[PlyCount "46"]
[EventDate "2022.12.15"]
[EventType "swiss"]
[EventRounds "11"]
[EventCountry "BRA"]
[SourceTitle "CBM 212 Extra"]
[Source "ChessBase"]
[SourceDate "2023.03.31"]
[SourceVersion "1"]
[SourceVersionDate "2023.03.31"]
[SourceQuality "1"]

1. Nf3 d5 2. d4 Nf6 3. c4 e6 4. Nc3 Be7 5. Bg5 h6 6. Bh4 0-0 7. e3 Nbd7 8. Bd3 dxc4 9. Bxc4 c5 10. 0-0 a6 11. dxc5 Nxc5 12. Qc2 b5 13. Be2 Bb7 14. Nd4 Rc8 15. Bxf6 Bxf6 16. Rfd1 b4 17. Na4 Be4 18. Qd2 Nxa4 19. Qxb4 Qe8 20. Bxa6 Be7 21. Qb3 Bd5 22. Qb5 Qxb5 23. Bxb5 Nxb2 0-1

[Event "BRA-ch 88th"]
[Site "Recife"]
[Date "2022.12.16"]
[Round "2"]
[White "Dianda, Joao Carlos"]
[Black "Matsuura, Everaldo"]
[Result "0-1"]
[WhiteElo "2007"]
[BlackElo "2433"]
[PlyCount "108"]
[EventDate "2022.12.15"]
[EventType "swiss"]
[EventRounds "11"]
[EventCountry "BRA"]
[SourceTitle "CBM 212 Extra"]
[Source "ChessBase"]
[SourceDate "2023.03.31"]
[SourceVersion "1"]
[SourceVersionDate "2023.03.31"]
[SourceQuality "1"]

1. d4 Nc6 2. Nf3 d5 3. Bf4 Bg4 4. Nbd2 e6 5. e3 Bd6 6. Bxd6 cxd6 7. Be2 Nf6 8. 0-0 0-0 9. c3 Rc8 10. Ne1 Bf5 11. Bd3 Ne4 12. f3 Nf6 13. Bxf5 exf5 14. Nd3 Re8 15. Re1 Rc7 16. Qe2 Rce7 17. Qf2 Qb6 18. Nf1 Na5 19. b3 Qc7 20. Rac1 b5 21. Qd2 g6 22. Rc2 Nh5 23. Qf2 Nf6 24. Rec1 Kg7 25. Nf4 Qb7 26. Nd3 Nc6 27. Qg3 Qb8 28. Nb4 Nd8 29. Nd3 Ne6 30. Qf2 Rc8 31. Ng3 Qb6 32. Nf1 Rec7 33. Qd2 a5 34. Ng3 Rc6 35. Ne2 Qc7 36. Ne1 h5 37. Qd3 Qb6 38. Qd2 h4 39. Nd3 h3 40. Nef4 Nxf4 41. Nxf4 hxg2 42. Qxg2 Qc7 43. Qg5 Qd8 44. Rg2 Qe8 45. Ne2 b4 46. Ng3 Qe6 47. Nxf5+ Kg8 48. Nh6+ Kf8 49. Rgc2 Rxc3 50. Rxc3 bxc3 51. Rc2 Kg7 52. Kg2 Nh7 53. Qf4 g5 54. Nf5+ Kf6 0-1

[Event "Sao Jose dos Campos op"]
[Site "Sao Jose dos Campos"]
[Date "2022.09.11"]
[Round "7"]
[White "De Souza, Mayara Cardozo Lima"]
[Black "Dianda, Joao Carlos"]
[Result "0-1"]
[WhiteElo "1037"]
[BlackElo "2000"]
[PlyCount "58"]
[EventDate "2022.09.08"]
[EventType "swiss"]
[EventRounds "7"]
[EventCountry "BRA"]
[SourceTitle "CBM 210 Extra"]
[Source "ChessBase"]
[SourceDate "2022.11.30"]
[SourceVersion "1"]
[SourceVersionDate "2022.11.30"]
[SourceQuality "1"]

1. d4 Nf6 2. c4 c5 3. e3 g6 4. Nf3 Bg7 5. Nc3 0-0 6. Be2 cxd4 7. exd4 d5 8. 0-0 Nc6 9. Re1 Be6 10. b3 Ne4 11. cxd5 Nxc3 12. Qd3 Nxe2+ 13. Rxe2 Bxd5 14. Bb2 Bxf3 15. Qxf3 Nxd4 16. Bxd4 Qxd4 17. Rae1 e5 18. Qxb7 Rad8 19. g3 Rd7 20. Qc6 Rfd8 21. Re4 Qd2 22. a4 h5 23. Qc5 Kh7 24. b4 Qa2 25. a5 f5 26. Rc4 e4 27. Qc6 Bd4 28. a6 Qxf2+ 29. Kh1 Qf3# 0-1

[Event "Sao Jose dos Campos op"]
[Site "Sao Jose dos Campos"]
[Date "2022.09.10"]
[Round "4"]
[White "Santos, Abel Cardoso Dos"]
[Black "Dianda, Joao Carlos"]
[Result "1/2-1/2"]
[WhiteElo "1826"]
[BlackElo "2000"]
[PlyCount "61"]
[EventDate "2022.09.08"]
[EventType "swiss"]
[EventRounds "7"]
[EventCountry "BRA"]
[SourceTitle "CBM 210 Extra"]
[Source "ChessBase"]
[SourceDate "2022.11.30"]
[SourceVersion "1"]
[SourceVersionDate "2022.11.30"]
[SourceQuality "1"]

1. e4 c5 2. Nf3 d6 3. d4 cxd4 4. Nxd4 Nf6 5. Nc3 a6 6. Bg5 e6 7. f4 Be7 8. Qf3 Qc7 9. 0-0-0 Nbd7 10. g4 h6 11. Bh4 g5 12. fxg5 Ne5 13. Qg3 hxg5 14. Bxg5 Nfxg4 15. Bxe7 Qxe7 16. Nf3 Bd7 17. Nxe5 Nxe5 18. h4 0-0-0 19. Be2 Kb8 20. Qf2 Bc6 21. Rh2 Rh6 22. Rg1 Rdh8 23. h5 Qf6 24. Qe3 R6h7 25. Kb1 Rg7 26. Rf1 Qg5 27. Qd4 Qe7 28. Rd1 Rd8 29. Qb6 Qc7 30. Qd4 Qe7 31. Qb6 1/2-1/2

[Event "Sao Jose dos Campos op"]
[Site "Sao Jose dos Campos"]
[Date "2022.09.09"]
[Round "2"]
[White "Vaz, Osvaldo Jose"]
[Black "Dianda, Joao Carlos"]
[Result "0-1"]
[WhiteElo "1645"]
[BlackElo "2000"]
[PlyCount "128"]
[EventDate "2022.09.08"]
[EventType "swiss"]
[EventRounds "7"]
[EventCountry "BRA"]
[SourceTitle "CBM 210 Extra"]
[Source "ChessBase"]
[SourceDate "2022.11.30"]
[SourceVersion "1"]
[SourceVersionDate "2022.11.30"]
[SourceQuality "1"]

1. e4 c5 2. c3 d6 3. d4 Nf6 4. Bd3 g6 5. Nf3 Bg7 6. h3 0-0 7. 0-0 Nbd7 8. Bg5 h6 9. Be3 b6 10. Qd2 Kh7 11. g4 d5 12. e5 Ne4 13. Qc2 Qc7 14. Nbd2 cxd4 15. cxd4 Qxc2 16. Bxc2 Nxd2 17. Nxd2 Ba6 18. Rfe1 Rac8 19. Rac1 e6 20. Nf1 Nb8 21. Ng3 Nc6 22. a3 Na5 23. b3 Rc6 24. b4 Nc4 25. a4 b5 26. Bb3 Rfc8 27. f4 Bf8 28. Rb1 Bxb4 29. Re2 Nxe3 30. Rxe3 Rc1+ 31. Rxc1 Rxc1+ 32. Kf2 Bd2 33. Rf3 Be1+ 34. Kg2 bxa4 35. Bxa4 Rc4 36. Be8 Rc2+ 37. Kg1 Kg8 38. h4 Rc3 39. Kg2 Rc2+ 40. Kg1 Bc3 41. h5 Bxd4+ 42. Kh1 gxh5 43. Nxh5 Be2 44. Rg3 Kf8 45. Bd7 Bf2 46. Ra3 Bc5 47. Rg3 Bf2 48. Ra3 Bxg4 49. Nf6 h5 50. Rb3 Bb6 51. Ba4 Kg7 52. Rg3 Rc1+ 53. Kh2 Kf8 54. Bb5 Rc2+ 55. Kh1 Bf2 56. Rb3 Bf5 57. Bd3 Rc1+ 58. Kh2 Bg1+ 59. Kg2 Bxd3 60. Rb8+ Kg7 61. Rg8+ Kh6 62. Rh8+ Kg6 63. Rxh5 Be4+ 64. Kg3 Rc3+ 0-1

[Event "Sao Jose dos Campos op"]
[Site "Sao Jose dos Campos"]
[Date "2022.09.08"]
[Round "1"]
[White "Dianda, Joao Carlos"]
[Black "Mazzuco Junior, Adir"]
[Result "1-0"]
[WhiteElo "2000"]
[BlackElo "1417"]
[PlyCount "103"]
[EventDate "2022.09.08"]
[EventType "swiss"]
[EventRounds "7"]
[EventCountry "BRA"]
[SourceTitle "CBM 210 Extra"]
[Source "ChessBase"]
[SourceDate "2022.11.30"]
[SourceVersion "1"]
[SourceVersionDate "2022.11.30"]
[SourceQuality "1"]

1. d4 d5 2. c4 c6 3. Nf3 Nf6 4. e3 e6 5. Nc3 Nbd7 6. Be2 Be7 7. 0-0 0-0 8. b3 b6 9. Bb2 Bb7 10. Rc1 Bd6 11. Qd3 Qe7 12. e4 dxe4 13. Nxe4 Nxe4 14. Qxe4 Nf6 15. Qc2 Rac8 16. Rcd1 c5 17. dxc5 Bxc5 18. Ng5 e5 19. Qf5 g6 20. Qxe5 Qxe5 21. Bxe5 Rce8 22. Bxf6 Rxe2 23. Rd7 Bc8 24. Rxa7 Bf5 25. h3 h6 26. Nf3 Rfe8 27. Nd4 Rd2 28. Nf3 Rde2 29. Bd4 g5 30. b4 Bxb4 31. Bxb6 Bg6 32. a3 Bd6 33. Rd1 Bb8 34. Rad7 Bf4 35. Rd8 Rxd8 36. Rxd8+ Kh7 37. Bd4 Bd3 38. g3 Bc1 39. Rh8+ Kg6 40. Ne5+ Rxe5 41. Bxe5 Bxc4 42. Rc8 Bxa3 43. Rxc4 Bf8 44. g4 f6 45. Rc6 Bg7 46. Kg2 Kh7 47. Bxf6 Bxf6 48. Rxf6 Kg7 49. Rf5 Kg6 50. Kf3 h5 51. Ke4 hxg4 52. hxg4 1-0

[Event "Niteroi op 2nd"]
[Site "Niteroi"]
[Date "2022.09.05"]
[Round "7"]
[White "Terao, Juliana Sayumi"]
[Black "Dianda, Joao Carlos"]
[Result "1/2-1/2"]
[WhiteElo "2240"]
[BlackElo "2000"]
[PlyCount "85"]
[EventDate "2022.09.01"]
[EventType "swiss"]
[EventRounds "9"]
[EventCountry "BRA"]
[SourceTitle "CBM 210 Extra"]
[Source "ChessBase"]
[SourceDate "2022.11.30"]
[SourceVersion "1"]
[SourceVersionDate "2022.11.30"]
[SourceQuality "1"]

1. e4 c5 2. c3 Nf6 3. e5 Nd5 4. Nf3 d6 5. d4 cxd4 6. cxd4 Nc6 7. Bc4 Nb6 8. Bb5 dxe5 9. Nxe5 Bd7 10. Nxd7 Qxd7 11. Nc3 e6 12. Be3 Be7 13. 0-0 0-0 14. Rc1 Rad8 15. Qf3 Nxd4 16. Bxd4 Qxd4 17. Qxb7 Nc8 18. a3 Qb6 19. Qxb6 Nxb6 20. b4 Bg5 21. Rcd1 Rxd1 22. Rxd1 Rd8 23. Rb1 Rc8 24. Ne2 Nd5 25. Rb3 Bf6 26. Ba6 Rc6 27. Bd3 Nc3 28. Kf1 Nxe2 29. Kxe2 Rc3 30. Rxc3 Bxc3 31. Kd1 Bb2 32. a4 Bc3 33. b5 Kf8 34. Kc2 Ba5 35. Kb3 h6 36. Kc4 Ke7 37. Be4 Kd6 38. Bc6 f6 39. f3 Be1 40. Be4 Ba5 41. Bc6 Be1 42. Be4 Ba5 43. Bc6 1/2-1/2

[Event "Niteroi op 2nd"]
[Site "Niteroi"]
[Date "2022.09.04"]
[Round "6"]
[White "Dianda, Joao Carlos"]
[Black "Limp, Eduardo Thelio"]
[Result "1-0"]
[WhiteElo "2000"]
[BlackElo "2298"]
[PlyCount "33"]
[EventDate "2022.09.01"]
[EventType "swiss"]
[EventRounds "9"]
[EventCountry "BRA"]
[SourceTitle "CBM 210 Extra"]
[Source "ChessBase"]
[SourceDate "2022.11.30"]
[SourceVersion "1"]
[SourceVersionDate "2022.11.30"]
[SourceQuality "1"]

1. d4 Nf6 2. c4 g6 3. Nc3 Bg7 4. e4 d6 5. h3 0-0 6. Bg5 c5 7. d5 e6 8. Bd3 exd5 9. cxd5 a6 10. a4 Nbd7 11. Nf3 Qc7 12. 0-0 Re8 13. Qd2 c4 14. Bc2 Nc5 15. Rfe1 Nfd7 16. Bh6 Bxh6 17. Qxh6 1-0

[Event "Mombaca op 6th"]
[Site "Mombaca"]
[Date "2022.08.21"]
[Round "5"]
[White "Dianda, Joao Carlos"]
[Black "Martins de Aguiar, Marina"]
[Result "1/2-1/2"]
[WhiteElo "2015"]
[BlackElo "1873"]
[PlyCount "25"]
[EventDate "2022.08.19"]
[EventType "swiss"]
[EventRounds "6"]
[EventCountry "BRA"]
[SourceTitle "CBM 210 Extra"]
[Source "ChessBase"]
[SourceDate "2022.11.30"]
[SourceVersion "1"]
[SourceVersionDate "2022.11.30"]
[SourceQuality "1"]

1. d4 Nf6 2. c4 g6 3. Nc3 Bg7 4. e4 d6 5. h3 0-0 6. Bg5 Na6 7. Nf3 Qe8 8. Be2 e5 9. d5 Nh5 10. g3 f5 11. exf5 gxf5 12. Nh4 Nf6 13. g4 1/2-1/2

[Event "Mombaca op 6th"]
[Site "Mombaca"]
[Date "2022.08.20"]
[Round "4"]
[White "Ikejiri, Daniel Yoshito"]
[Black "Dianda, Joao Carlos"]
[Result "1/2-1/2"]
[WhiteElo "1934"]
[BlackElo "2015"]
[PlyCount "41"]
[EventDate "2022.08.19"]
[EventType "swiss"]
[EventRounds "6"]
[EventCountry "BRA"]
[SourceTitle "CBM 210 Extra"]
[Source "ChessBase"]
[SourceDate "2022.11.30"]
[SourceVersion "1"]
[SourceVersionDate "2022.11.30"]
[SourceQuality "1"]

1. e4 c5 2. Nf3 d6 3. d4 cxd4 4. Nxd4 Nf6 5. Nc3 a6 6. Be3 e5 7. Nb3 Be7 8. f3 Be6 9. Qd2 h5 10. 0-0-0 Nbd7 11. Kb1 Rc8 12. Nd5 Nxd5 13. exd5 Bf5 14. Bd3 Bxd3 15. Qxd3 Bg5 16. Rhe1 Bxe3 17. Rxe3 0-0 18. Re2 Nc5 19. Nxc5 Rxc5 20. g3 Qg5 21. Qd2 1/2-1/2

[Event "Mombaca op 6th"]
[Site "Mombaca"]
[Date "2022.08.19"]
[Round "1"]
[White "Dianda, Joao Carlos"]
[Black "Figueira, Leandro Lucas"]
[Result "1-0"]
[WhiteElo "2015"]
[BlackElo "1402"]
[PlyCount "107"]
[EventDate "2022.08.19"]
[EventType "swiss"]
[EventRounds "6"]
[EventCountry "BRA"]
[SourceTitle "CBM 210 Extra"]
[Source "ChessBase"]
[SourceDate "2022.11.30"]
[SourceVersion "1"]
[SourceVersionDate "2022.11.30"]
[SourceQuality "1"]

1. d4 d5 2. c4 c6 3. Nc3 Nf6 4. e3 e6 5. Nf3 Be7 6. b3 Nbd7 7. Bd3 a6 8. 0-0 0-0 9. Bb2 b5 10. cxd5 cxd5 11. Rc1 Bb7 12. Nd2 Rc8 13. Qe2 Nb6 14. Qf3 Qd7 15. Qh3 h6 16. Nf3 Ne4 17. Ne5 Qd6 18. Nb1 Nd7 19. f3 Ng5 20. Qg3 Nxe5 21. dxe5 Qb6 22. Bd4 Qd8 23. Qf2 Qd7 24. Qd2 Rxc1 25. Rxc1 Rc8 26. Rd1 Bc5 27. h4 Nh7 28. Bxh7+ Kxh7 29. Qc2+ Kg8 30. Bxc5 Qc7 31. b4 Qxe5 32. Qd2 Qg3 33. Qf2 Qe5 34. Rd4 f5 35. Nc3 a5 36. f4 Qf6 37. a3 axb4 38. Bxb4 Ba6 39. g3 Qf7 40. Kg2 Qd7 41. Qd2 Bb7 42. Qe2 Bc6 43. Qd1 Bb7 44. Qd3 Bc6 45. Kf2 Qe8 46. Bd6 Kf7 47. Be5 Ra8 48. Na2 Qe7 49. Nb4 Bd7 50. Rxd5 Ra7 51. Rd6 g5 52. hxg5 hxg5 53. Qd1 Rxa3 54. Rxd7 1-0

[Event "Pocos de Caldas op"]
[Site "Pocos de Caldas"]
[Date "2022.03.13"]
[Round "5"]
[White "Dianda, Joao Carlos"]
[Black "Silva, Caio Henrique Angel"]
[Result "1-0"]
[WhiteElo "2048"]
[BlackElo "1849"]
[PlyCount "121"]
[EventDate "2022.03.11"]
[EventType "swiss"]
[EventRounds "6"]
[EventCountry "BRA"]
[SourceTitle "CBM 207 Extra"]
[Source "ChessBase"]
[SourceDate "2022.05.31"]
[SourceVersion "1"]
[SourceVersionDate "2022.05.31"]
[SourceQuality "1"]

1. d4 Nf6 2. c4 e6 3. Nf3 Bb4+ 4. Nbd2 0-0 5. g3 b6 6. Bg2 Bb7 7. 0-0 c5 8. dxc5 Bxc5 9. b3 d5 10. e3 Qe7 11. Bb2 Nc6 12. a3 a5 13. cxd5 exd5 14. Nh4 g6 15. Qf3 Ne5 16. Qf4 Nfd7 17. Qh6 f6 18. Bh3 Bd6 19. Ndf3 Rad8 20. Nd4 Nf7 21. Nxg6 Nxh6 22. Nxe7+ Bxe7 23. Ne6 Nc5 24. Nxf8 Kxf8 25. b4 Ne4 26. Rfd1 axb4 27. axb4 Bc8 28. Bg2 Nf7 29. Ra8 Be6 30. Ra7 Ned6 31. Bf1 Ne5 32. Bxe5 fxe5 33. Rc1 Nc4 34. Rd1 Rc8 35. Be2 Bg8 36. b5 Bc5 37. Bg4 Rd8 38. Rda1 Na5 39. Bf5 h6 40. Rc7 Bd6 41. Ra7 d4 42. exd4 exd4 43. Rd1 Bb4 44. Rd3 Rd6 45. Rf3 Rf6 46. Ra8+ Kg7 47. Rf4 h5 48. g4 d3 49. g5 Rd6 50. Ra7+ Kh8 51. Rxb4 d2 52. Bc2 Bb3 53. Rxb3 Nxb3 54. Bxb3 d1Q+ 55. Bxd1 Rxd1+ 56. Kg2 Rd5 57. f4 Rxb5 58. Kg3 Rb2 59. g6 b5 60. f5 Rb4 61. h3 1-0

[Event "Pocos de Caldas op"]
[Site "Pocos de Caldas"]
[Date "2022.03.13"]
[Round "6"]
[White "Sztokbant, Bernardo Vainzoff"]
[Black "Dianda, Joao Carlos"]
[Result "0-1"]
[WhiteElo "2194"]
[BlackElo "2048"]
[PlyCount "137"]
[EventDate "2022.03.11"]
[EventType "swiss"]
[EventRounds "6"]
[EventCountry "BRA"]
[SourceTitle "EXT 2023"]
[Source "ChessBase"]
[SourceDate "2022.10.05"]
[SourceVersion "1"]
[SourceVersionDate "2022.10.05"]
[SourceQuality "1"]

1. e4 e6 2. d4 d5 3. Nd2 Nf6 4. Bd3 c5 5. e5 Nfd7 6. c3 Nc6 7. Ne2 cxd4 8. cxd4 f6 9. Nf4 Nxd4 10. Qh5+ Ke7 11. Ng6+ hxg6 12. exf6+ Nxf6 13. Qxh8 Kf7 14. 0-0 e5 15. Nb3 Ne6 16. Rd1 Bd7 17. Qh4 e4 18. Be2 Bd6 19. Be3 Be5 20. Rd2 a5 21. Rad1 a4 22. Nd4 Nxd4 23. Bxd4 Bxd4 24. Rxd4 Bc6 25. Qg5 Qb6 26. Qd2 Re8 27. Rc1 Qd8 28. Rc3 Qd6 29. Rg3 Rh8 30. Bd1 Qd7 31. b3 axb3 32. Bxb3 Rh5 33. f3 Re5 34. Qe3 Qe6 35. fxe4 Nxe4 36. Qf4+ Nf6 37. h3 Rf5 38. Qc7+ Kg8 39. Rd1 Nh5 40. Rg4 Kh7 41. Bc2 Qe3+ 42. Kh2 Rg5 43. Rf1 d4 44. Bb3 Rxg4 45. hxg4 Qe2 46. Bg8+ Kxg8 47. Qc8+ Kh7 48. Rg1 Qe5+ 49. g3 Qe2+ 50. Kh3 Nf4+ 51. gxf4 Qf3+ 52. Kh4 Qxf4 53. Kh3 Qf3+ 54. Kh4 Qf2+ 55. Rg3 Qh2+ 56. Rh3 g5+ 57. Kxg5+ Qxh3 58. Qf5+ Kg8 59. Qe6+ Kf8 60. Qf5+ Ke8 61. Qe6+ Kd8 62. Qg8+ Be8 63. Qd5+ Bd7 64. Qa5+ Kc8 65. Qc5+ Kd8 66. Qa5+ Ke7 67. Qe5+ Kf7 68. Qf4+ Kg8 69. Qxd4 0-1

[Event "Florianopolis op 8th"]
[Site "Florianopolis"]
[Date "2022.01.27"]
[Round "5"]
[White "Dianda, Joao Carlos"]
[Black "Eger, Laura Luisa"]
[Result "1-0"]
[WhiteElo "2117"]
[BlackElo "1757"]
[PlyCount "65"]
[EventDate "2022.01.24"]
[EventType "swiss"]
[EventRounds "10"]
[EventCountry "BRA"]
[SourceTitle "CBM 206 Extra"]
[Source "ChessBase"]
[SourceDate "2022.03.31"]
[SourceVersion "1"]
[SourceVersionDate "2022.03.31"]
[SourceQuality "1"]

1. d4 d5 2. c4 c6 3. Nf3 Nf6 4. e3 e6 5. b3 Bd6 6. Bd3 Nbd7 7. Bb2 0-0 8. 0-0 Re8 9. Ne5 Qc7 10. f4 dxc4 11. bxc4 c5 12. Nd2 b6 13. Rf3 Bb7 14. Rh3 Rad8 15. Ndf3 Ne4 16. Nxf7 Kxf7 17. Bxe4 Bxe4 18. Ng5+ Kg8 19. Nxe4 Nf8 20. Qg4 Re7 21. Nf6+ Kf7 22. Nxh7 Nxh7 23. Rxh7 Rg8 24. dxc5 Bxc5 25. Rxg7+ Rxg7 26. Qxg7+ Ke8 27. Qh8+ Kd7 28. Rd1+ Kc6 29. Qa8+ Qb7 30. Qxb7+ Kxb7 31. Bd4 Rd7 32. Kf2 Be7 33. Ke2 1-0

[Event "Florianopolis op 8th"]
[Site "Florianopolis"]
[Date "2022.01.25"]
[Round "3"]
[White "Orlandi Neto, Aristides"]
[Black "Dianda, Joao Carlos"]
[Result "0-1"]
[WhiteElo "1731"]
[BlackElo "2117"]
[PlyCount "78"]
[EventDate "2022.01.24"]
[EventType "swiss"]
[EventRounds "10"]
[EventCountry "BRA"]
[SourceTitle "CBM 206 Extra"]
[Source "ChessBase"]
[SourceDate "2022.03.31"]
[SourceVersion "1"]
[SourceVersionDate "2022.03.31"]
[SourceQuality "1"]

1. e4 e6 2. d4 d5 3. Nd2 Nf6 4. Bd3 c5 5. exd5 exd5 6. Ngf3 c4 7. Be2 Bd6 8. c3 0-0 9. 0-0 Nc6 10. Re1 Bf5 11. Nf1 h6 12. Ng3 Bh7 13. h3 Bxg3 14. fxg3 Ne4 15. g4 Qd6 16. Be3 Qg3 17. Qc1 f5 18. Bf4 Qf2+ 19. Kh1 fxg4 20. Be3 Ng3+ 21. Kh2 Nxe2 22. Bxf2 Nxc1 23. Raxc1 gxf3 24. gxf3 Rxf3 25. Bg3 Be4 26. Rcd1 Raf8 27. Re2 Rf1 28. Ree1 Rxe1 29. Rxe1 Rf3 30. h4 Ne7 31. Re2 Nf5 32. Bf2 h5 33. a3 b5 34. Rd2 Nh6 35. Kg1 Ng4 36. Re2 Rh3 37. Rxe4 dxe4 38. d5 Nxf2 39. Kxf2 Kf7 0-1

[Event "Florianopolis op 8th"]
[Site "Florianopolis"]
[Date "2022.01.24"]
[Round "1"]
[White "Borger, Daniel"]
[Black "Dianda, Joao Carlos"]
[Result "1-0"]
[WhiteElo "1556"]
[BlackElo "2117"]
[PlyCount "63"]
[EventDate "2022.01.24"]
[EventType "swiss"]
[EventRounds "10"]
[EventCountry "BRA"]
[SourceTitle "CBM 206 Extra"]
[Source "ChessBase"]
[SourceDate "2022.03.31"]
[SourceVersion "1"]
[SourceVersionDate "2022.03.31"]
[SourceQuality "1"]

1. e4 e6 2. d4 d5 3. Nd2 Nf6 4. e5 Nfd7 5. Bd3 c5 6. c3 Nc6 7. Ngf3 cxd4 8. cxd4 Qb6 9. 0-0 Be7 10. Nb3 a5 11. a4 f5 12. exf6 Nxf6 13. Re1 0-0 14. Bg5 Bd7 15. Ne5 Nxe5 16. dxe5 Ng4 17. Bxe7 Qxf2+ 18. Kh1 Qf4 19. g3 Nf2+ 20. Kg1 Qf7 21. Bxh7+ Kh8 22. Qe2 Qxe7 23. Qh5 Qg5 24. Qxg5 Nh3+ 25. Kg2 Nxg5 26. Bd3 Rf3 27. Nc5 Raf8 28. Nxd7 Rf2+ 29. Kh1 R8f7 30. Rf1 Nh3 31. Bb5 Kh7 32. b3 1-0

[Event "Sao Jose dos Campos op"]
[Site "Sao Jose dos Campos"]
[Date "2021.10.11"]
[Round "5"]
[White "Dianda, Joao Carlos"]
[Black "Miquelin, Nicolas Seoane"]
[Result "1-0"]
[WhiteElo "2115"]
[BlackElo "2066"]
[PlyCount "75"]
[EventDate "2021.10.09"]
[EventType "swiss"]
[EventRounds "7"]
[EventCountry "BRA"]
[SourceTitle "CBM 204 Extra"]
[Source "ChessBase"]
[SourceDate "2021.11.30"]
[SourceVersion "1"]
[SourceVersionDate "2021.11.30"]
[SourceQuality "1"]

1. d4 Nf6 2. c4 g6 3. Nc3 d5 4. cxd5 Nxd5 5. e4 Nxc3 6. bxc3 Bg7 7. Be3 c5 8. Rc1 0-0 9. Nf3 Bg4 10. d5 Nd7 11. Be2 Qa5 12. Qd2 c4 13. h3 Bxf3 14. gxf3 b5 15. 0-0 Rad8 16. Qc2 f5 17. Rfd1 f4 18. Bd4 Bxd4 19. cxd4 Nb6 20. Kh2 Qa3 21. Rg1 Rf7 22. Qd2 a5 23. d6 Rxd6 24. Rc3 Qa4 25. Bd1 Qb4 26. a3 Qb1 27. Be2 Rxd4 28. Qxd4 Qb2 29. Qxb6 Qxc3 30. Qxb5 Kg7 31. Qxc4 Qxa3 32. Qd4+ Rf6 33. e5 Rf5 34. Bd3 Rh5 35. e6+ Kh6 36. Qxf4+ Kg7 37. Qf7+ Kh6 38. Qf8# 1-0

[Event "Sao Paulo-ch 3rd leg"]
[Site "Sao Paulo"]
[Date "2002.04.27"]
[Round "4"]
[White "Borges, Leomar Barbero"]
[Black "Dianda, Joao Carlos"]
[Result "1-0"]
[WhiteElo "2227"]
[BlackElo "2095"]
[PlyCount "67"]
[EventDate "2002.04.26"]
[EventType "swiss"]
[EventRounds "6"]
[EventCountry "BRA"]
[SourceTitle "EXT 2003"]
[Source "ChessBase"]
[SourceDate "2002.11.25"]
[SourceVersion "1"]
[SourceVersionDate "2002.11.25"]
[SourceQuality "1"]

1. Nf3 d5 2. b3 c6 3. Bb2 Bf5 4. g3 Nd7 5. Bg2 Ngf6 6. d3 e6 7. Nbd2 Bc5 8. 0-0 Qe7 9. d4 Ba3 10. Bxa3 Qxa3 11. c4 h6 12. h3 0-0 13. Qc1 Qe7 14. Qc3 Bh7 15. a3 c5 16. Ne5 cxd4 17. Qxd4 Nxe5 18. Qxe5 Rfd8 19. cxd5 Nxd5 20. Nc4 Rac8 21. Rfd1 Kf8 22. e4 Nf6 23. a4 b6 24. Qf4 Nd7 25. Nd6 Rc3 26. Qd2 Rc7 27. Nb5 Rb7 28. Rac1 e5 29. Qd5 Rdb8 30. Rc8+ Rxc8 31. Qxb7 Rd8 32. Qc7 a6 33. Na7 Qe6 34. Nc6 1-0

[Event "Itau Cup 5th"]
[Site "Sao Paulo"]
[Date "2001.10.14"]
[Round "2"]
[White "Dianda, Joao Carlos"]
[Black "Leitao, Rafael Duailibe"]
[Result "0-1"]
[WhiteElo "2104"]
[BlackElo "2581"]
[PlyCount "48"]
[EventDate "2001.10.13"]
[EventType "swiss"]
[EventRounds "9"]
[EventCountry "BRA"]
[SourceTitle "CBM 084 Extra"]
[Source "ChessBase"]
[SourceDate "2001.10.26"]
[SourceVersion "1"]
[SourceVersionDate "2001.10.26"]
[SourceQuality "1"]

1. e4 c5 2. c3 d5 3. exd5 Qxd5 4. d4 g6 5. Be3 cxd4 6. Qxd4 Nf6 7. Nf3 Nc6 8. Qa4 Bg7 9. Bc4 Qd8 10. 0-0 0-0 11. h3 Bd7 12. Qa3 Qc7 13. Nbd2 Rab8 14. Rac1 b5 15. Be2 Nd5 16. Bg5 Rfc8 17. Nb3 e6 18. Rfd1 a5 19. Nbd4 h6 20. Nxc6 Bxc6 21. Bh4 Nf4 22. Re1 Nxe2+ 23. Rxe2 Bxf3 24. gxf3 Qf4 0-1